The medieval French roman d'Alexandre ...

Bibliographic Details
Uniform Title:Alexander the Great (Romances, etc.)
Other Authors: La Du, Milan Sylvanus, Alexandre, de Bernay, active 12th century, Armstrong, E. C. (Edward Cooke), 1871-1944, Foulet, Alfred, 1900-1987
Format: Book
Language:English
Published: Princeton, N.J. : Paris : Princeton University Press; Les Presses Universitaires de France, 1937-
Series:Elliott monographs in the Romance languages and literatures ; no. 36.

MARC

Tag First Indicator Second Indicator Subfields
LEADER 00000cam a2200000 4500
001 in00000022824
005 20151007064145.0
008 760930m19379999njuh 00010 enge
010 |a  37018552  
035 |a (OCoLC)02474065 
035 |9 AAD9186AM 
040 |a DLC  |c RBN  |d RBN  |d TXA  |d UtOrBLW 
049 |a TXAM  |v 2 [296743]  |v 4-5 [296744]  |v 7 [268474] 
050 0 0 |a PQ1421  |b .A1 1937 
082 0 |a 841.19 
092 |a 841  |b A374m 
130 0 |a Alexander the Great (Romances, etc.) 
245 1 4 |a The medieval French roman d'Alexandre ... 
264 1 |a Princeton, N.J. :  |b Princeton University Press;  |a Paris :  |b Les Presses Universitaires de France,  |c 1937- 
300 |a volumes :  |b facsimiles ;  |c 26 cm. 
336 |a text  |b txt  |2 rdacontent 
337 |a unmediated  |b n  |2 rdamedia 
338 |a volume  |b nc  |2 rdacarrier 
490 1 |a Elliott monographs in the Romance languages and literatures, 36 
505 0 |a I. Text of the Arsenal and Venice versions, prepared with an introduction and a commentary by M. S. La Du.--II. Version of Alexandre de Paris text, edited by E. C. Armstrong, D. L. Buffam, Bateman Edwards, L. F. H. Lowe.--III. Version of Alexandre de Paris: variants and notes to Branch I, prepared by Alfred Foulet.--IV. Le roman du fuerre de gadres d'Eustache, par E. C. Armstrong et Alfred Foulet.--V. Version of Alexandre de Paris : variants and notes to Branch II.--VI. Version of Alexandre de Paris : introduction and notes to Branch III. Prepared by Alfred Foulet.--VII. Version of Alexander de Paris : variants and notes to Branch IV, with an introduction by Bateman Edwards and Alfred Foulet. 
700 1 |a La Du, Milan Sylvanus. 
700 0 |a Alexandre,  |c de Bernay,  |d active 12th century. 
700 1 |a Armstrong, E. C.  |q (Edward Cooke),  |d 1871-1944. 
700 1 |a Foulet, Alfred,  |d 1900-1987. 
730 0 |a Roman d'Alexandre. 
830 0 |a Elliott monographs in the Romance languages and literatures ;  |v no. 36. 
999 |a MARS 
999 f f |s 185399a1-53d0-3ebd-88bc-990a9bfd42db  |i ef41bc88-bc97-301c-be94-9750414b635c  |t 0 
952 f f |p ric  |a Texas A&M University  |b Rellis Campus  |c Joint Library Facility  |s JLF  |d Remote Storage  |t 0  |e PQ1421 .A1 1937  |h Library of Congress classification  |i unmediated -- volume  |k v.4-5  |m A14801362614 
952 f f |p ric  |a Texas A&M University  |b Rellis Campus  |c Joint Library Facility  |s JLF  |d Remote Storage  |t 0  |e PQ1421 .A1 1937  |h Library of Congress classification  |i unmediated -- volume  |k v.7  |m A14801362591 
952 f f |p ric  |a Texas A&M University  |b Rellis Campus  |c Joint Library Facility  |s JLF  |d Remote Storage  |t 0  |e PQ1421 .A1 1937  |h Library of Congress classification  |i unmediated -- volume  |k v.2  |m A14801362606 
998 f f |a PQ1421 .A1 1937  |s v.2,4-5,7  |t 0  |l Remote Storage